[Event "VI Obert Internacional Alberic"]
[Site "Alberic"]
[Date "2018.06.30"]
[Round "5.1"]
[White "Fenollar Jorda, Manuel"]
[Black "Granero Roca, Antonio"]
[Result "1-0"]
[BlackElo "2390"]
[WhiteElo "2352"]
[LiveChessVersion "1.4.8"]

1. d4 {[%clk 0:07:05]} Nf6 {[%clk 0:07:04]} 2. Nf3 {[%clk 0:07:02]} g6
{[%clk 0:07:06]} 3. c4 {[%clk 0:07:03]} Bg7 {[%clk 0:07:07]} 4. Nc3
{[%clk 0:07:05]} O-O {[%clk 0:07:07]} 5. e4 {[%clk 0:07:07]} d6 {[%clk 0:07:09]}
6. h3 {[%clk 0:07:07]} c6 {[%clk 0:07:08]} 7. Bg5 {[%clk 0:07:02]} Nbd7
{[%clk 0:07:10]} 8. Be2 {[%clk 0:06:56]} a6 {[%clk 0:07:11]} 9. a4
{[%clk 0:06:51]} a5 {[%clk 0:07:12]} 10. O-O {[%clk 0:06:48]} e5 {[%clk 0:07:09]}
11. Re1 {[%clk 0:06:14]} Qc7 {[%clk 0:06:56]} 12. Qd2 {[%clk 0:06:15]} Re8
{[%clk 0:06:53]} 13. Bf1 {[%clk 0:06:09]} Nf8 {[%clk 0:06:20]} 14. Rad1
{[%clk 0:05:45]} Ne6 {[%clk 0:05:58]} 15. Be3 {[%clk 0:04:31]} Bd7
{[%clk 0:05:45]} 16. d5 {[%clk 0:04:19]} cxd5 {[%clk 0:05:45]} 17. cxd5
{[%clk 0:04:19]} Nc5 {[%clk 0:05:42]} 18. Qc2 {[%clk 0:04:09]} Nxa4
{[%clk 0:05:26]} 19. Nd2 {[%clk 0:03:51]} Nxc3 {[%clk 0:05:23]} 20. bxc3
{[%clk 0:03:53]} b5 {[%clk 0:05:21]} 21. Ra1 {[%clk 0:03:49]} Rec8
{[%clk 0:05:13]} 22. Reb1 {[%clk 0:03:50]} Qxc3 {[%clk 0:04:43]} 23. Qxc3
{[%clk 0:03:50]} Rxc3 {[%clk 0:04:45]} 24. Bxb5 {[%clk 0:03:52]} Bxb5
{[%clk 0:04:47]} 25. Rxb5 {[%clk 0:03:54]} a4 {[%clk 0:04:49]} 26. Ra2
{[%clk 0:03:20]} h5 {[%clk 0:04:12]} 27. Kf1 {[%clk 0:03:08]} Nd7
{[%clk 0:03:49]} 28. Rb4 {[%clk 0:03:01]} f5 {[%clk 0:03:14]} 29. Nb1
{[%clk 0:02:44]} Rc7 {[%clk 0:02:46]} 30. Rbxa4 {[%clk 0:02:30]} Rxa4
{[%clk 0:02:43]} 31. Rxa4 {[%clk 0:02:32]} fxe4 {[%clk 0:02:44]} 32. Nd2
{[%clk 0:02:12]} Nf6 {[%clk 0:02:34]} 33. Ra5 {[%clk 0:02:05]} Rc2
{[%clk 0:01:53]} 34. Ke1 {[%clk 0:02:00]} Bf8 {[%clk 0:01:28]} 35. Bg5
{[%clk 0:01:53]} Nd7 {[%clk 0:01:19]} 36. Nxe4 {[%clk 0:01:50]} Nc5
{[%clk 0:01:16]} 37. Nf6+ {[%clk 0:01:07]} Kf7 {[%clk 0:00:41]} 38. Ra7+
{[%clk 0:01:09]} Be7 {[%clk 0:00:43]} 39. Nh7 {[%clk 0:01:11]} Nd3+
{[%clk 0:00:37]} 40. Kd1 {[%clk 0:01:10]} Rxf2 {[%clk 0:00:38]} 41. Rxe7+
{[%clk 0:01:08]} Kg8 {[%clk 0:00:40]} 42. Nf6+ {[%clk 0:01:03]} Kf8
{[%clk 0:00:42]} 43. Rb7 {[%clk 0:01:01]} Rxg2 {[%clk 0:00:36]} 44. Bh6# 1-0

[Event "VI Obert Internacional Alberic"]
[Site "Alberic"]
[Date "2018.06.30"]
[Round "5.2"]
[White "Plaskett, H James"]
[Black "Martinez Tormo, Jorge"]
[Result "1-0"]
[BlackElo "2154"]
[WhiteElo "2455"]
[LiveChessVersion "1.4.8"]

1. c4 {[%clk 0:07:03]} e5 {[%clk 0:07:05]} 2. e3 {[%clk 0:07:05]} Nc6
{[%clk 0:06:57]} 3. Nc3 {[%clk 0:07:06]} g6 {[%clk 0:06:58]} 4. g3
{[%clk 0:07:07]} Bg7 {[%clk 0:07:00]} 5. Bg2 {[%clk 0:07:10]} Nge7
{[%clk 0:07:02]} 6. Nge2 {[%clk 0:07:07]} d6 {[%clk 0:07:03]} 7. d3
{[%clk 0:07:08]} O-O {[%clk 0:07:04]} 8. Rb1 {[%clk 0:07:08]} a5 {[%clk 0:07:05]}
9. a3 {[%clk 0:07:10]} Be6 {[%clk 0:07:04]} 10. Nd5 {[%clk 0:07:10]} Qd7
{[%clk 0:07:00]} 11. b4 {[%clk 0:07:07]} axb4 {[%clk 0:07:01]} 12. axb4
{[%clk 0:07:08]} Rae8 {[%clk 0:06:57]} 13. O-O {[%clk 0:06:57]} f5
{[%clk 0:06:55]} 14. b5 {[%clk 0:06:33]} Nd8 {[%clk 0:06:56]} 15. b6
{[%clk 0:06:28]} Bxd5 {[%clk 0:05:26]} 16. cxd5 {[%clk 0:06:21]} c6
{[%clk 0:05:11]} 17. dxc6 {[%clk 0:06:18]} Ndxc6 {[%clk 0:05:05]} 18. Nc3
{[%clk 0:05:55]} Kh8 {[%clk 0:04:54]} 19. Nd5 {[%clk 0:05:52]} Nxd5
{[%clk 0:04:52]} 20. Bxd5 {[%clk 0:05:54]} Ne7 {[%clk 0:04:53]} 21. Bg2
{[%clk 0:05:53]} Rc8 {[%clk 0:04:37]} 22. Qb3 {[%clk 0:05:33]} Rfd8
{[%clk 0:03:55]} 23. Ba3 {[%clk 0:05:28]} Nc6 {[%clk 0:03:37]} 24. Rfc1
{[%clk 0:05:14]} d5 {[%clk 0:03:39]} 25. Rc5 {[%clk 0:05:12]} e4 {[%clk 0:03:34]}
26. Rd1 {[%clk 0:04:57]} exd3 {[%clk 0:01:37]} 27. Rxd5 {[%clk 0:04:48]} Qe8
{[%clk 0:01:34]} 28. R1xd3 {[%clk 0:04:33]} Rxd5 {[%clk 0:01:02]} 29. Bxd5
{[%clk 0:04:21]} Ne5 {[%clk 0:00:55]} 30. Rd1 {[%clk 0:04:20]} Rb8
{[%clk 0:00:50]} 31. Bd6 {[%clk 0:04:16]} Rd8 {[%clk 0:00:49]} 32. Bc7
{[%clk 0:04:15]} Rd7 {[%clk 0:00:25]} 33. Bxb7 {[%clk 0:04:13]} h6
{[%clk 0:00:26]} 34. h3 {[%clk 0:04:08]} Kh7 {[%clk 0:00:28]} 35. Rxd7
{[%clk 0:04:07]} Qxd7 {[%clk 0:00:31]} 36. Kg2 {[%clk 0:04:08]} Qd2
{[%clk 0:00:30]} 37. Bxe5 {[%clk 0:04:03]} Bxe5 {[%clk 0:00:32]} 38. Qf7+
{[%clk 0:03:57]} Bg7 {[%clk 0:00:35]} 39. Bd5 {[%clk 0:03:59]} h5
{[%clk 0:00:31]} 40. b7 {[%clk 0:04:01]} 1-0

[Event "VI Obert Internacional Alberic"]
[Site "Alberic"]
[Date "2018.06.30"]
[Round "5.3"]
[White "Marin Corresa, Arturo"]
[Black "Diaz Velandia, Jose Manuel"]
[Result "0-1"]
[BlackElo "2359"]
[WhiteElo "2070"]
[LiveChessVersion "1.4.8"]

1. e4 {[%clk 0:07:03]} c6 {[%clk 0:07:05]} 2. Nc3 {[%clk 0:07:02]} d5
{[%clk 0:07:07]} 3. Nf3 {[%clk 0:07:04]} dxe4 {[%clk 0:07:09]} 4. Nxe4
{[%clk 0:07:06]} Nf6 {[%clk 0:07:10]} 5. Ng3 {[%clk 0:06:47]} h5 {[%clk 0:07:11]}
6. h4 {[%clk 0:06:49]} Bg4 {[%clk 0:07:12]} 7. d4 {[%clk 0:06:29]} e6
{[%clk 0:07:14]} 8. Be2 {[%clk 0:06:13]} Bd6 {[%clk 0:07:08]} 9. c3
{[%clk 0:05:34]} Qc7 {[%clk 0:07:08]} 10. Nf1 {[%clk 0:05:20]} Nbd7
{[%clk 0:07:09]} 11. Bg5 {[%clk 0:05:18]} Ne4 {[%clk 0:06:57]} 12. Ne3
{[%clk 0:05:05]} Nxg5 {[%clk 0:06:41]} 13. Nxg5 {[%clk 0:04:58]} Bxe2
{[%clk 0:06:34]} 14. Qxe2 {[%clk 0:04:59]} Nf6 {[%clk 0:06:31]} 15. Nf5
{[%clk 0:04:02]} O-O-O {[%clk 0:06:30]} 16. Nxd6+ {[%clk 0:03:59]} Rxd6
{[%clk 0:06:31]} 17. O-O-O {[%clk 0:03:56]} Rd5 {[%clk 0:06:24]} 18. g3
{[%clk 0:03:51]} Rhd8 {[%clk 0:06:16]} 19. Nf3 {[%clk 0:03:16]} Ng4
{[%clk 0:06:14]} 20. Rhe1 {[%clk 0:03:02]} Rf5 {[%clk 0:06:09]} 21. Rd2
{[%clk 0:02:48]} Qa5 {[%clk 0:06:08]} 22. Kb1 {[%clk 0:02:43]} Qd5
{[%clk 0:06:10]} 23. Ne5 {[%clk 0:02:29]} Nxe5 {[%clk 0:06:09]} 24. f4
{[%clk 0:02:16]} Nf3 {[%clk 0:06:04]} 25. Rc2 {[%clk 0:02:06]} Nxe1
{[%clk 0:06:05]} 26. Qxe1 {[%clk 0:02:08]} c5 {[%clk 0:06:05]} 27. Rd2
{[%clk 0:01:42]} Qf3 {[%clk 0:06:01]} 28. Rc2 {[%clk 0:00:57]} Kb8
{[%clk 0:05:59]} 29. a3 {[%clk 0:00:57]} Qd3 {[%clk 0:05:59]} 30. Qc1
{[%clk 0:00:50]} cxd4 {[%clk 0:06:00]} 31. cxd4 {[%clk 0:00:52]} Rc8
{[%clk 0:06:00]} 0-1

[Event "VI Obert Internacional Alberic"]
[Site "Alberic"]
[Date "2018.06.30"]
[Round "5.4"]
[White "Albert Garrote, Amadeo"]
[Black "Kovacevic, Slobodan"]
[Result "0-1"]
[BlackElo "2292"]
[WhiteElo "1806"]
[LiveChessVersion "1.4.8"]

1. d4 {[%clk 0:07:03]} Nf6 {[%clk 0:07:03]} 2. Bg5 {[%clk 0:07:00]} e6
{[%clk 0:07:03]} 3. Nf3 {[%clk 0:07:00]} c5 {[%clk 0:07:05]} 4. c3
{[%clk 0:06:57]} Be7 {[%clk 0:07:06]} 5. e3 {[%clk 0:06:59]} Qb6 {[%clk 0:07:07]}
6. Qb3 {[%clk 0:06:59]} Qc7 {[%clk 0:07:08]} 7. Nbd2 {[%clk 0:06:53]} b6
{[%clk 0:07:10]} 8. Be2 {[%clk 0:06:46]} O-O {[%clk 0:07:10]} 9. O-O
{[%clk 0:06:42]} a6 {[%clk 0:07:12]} 10. a4 {[%clk 0:06:42]} Bb7 {[%clk 0:07:07]}
11. Rfc1 {[%clk 0:06:08]} d6 {[%clk 0:07:08]} 12. h3 {[%clk 0:06:00]} Nbd7
{[%clk 0:07:09]} 13. Bf4 {[%clk 0:05:52]} Rfb8 {[%clk 0:06:58]} 14. c4
{[%clk 0:05:27]} Bc6 {[%clk 0:06:52]} 15. Qc2 {[%clk 0:05:17]} Qb7
{[%clk 0:06:45]} 16. Bd3 {[%clk 0:05:06]} Rd8 {[%clk 0:06:35]} 17. b3
{[%clk 0:04:58]} Rac8 {[%clk 0:06:36]} 18. Qb1 {[%clk 0:04:38]} g6
{[%clk 0:06:36]} 19. Re1 {[%clk 0:04:23]} Qa8 {[%clk 0:06:26]} 20. Bf1
{[%clk 0:04:07]} Bb7 {[%clk 0:06:24]} 21. Bd3 {[%clk 0:03:36]} Re8
{[%clk 0:06:11]} 22. Bh6 {[%clk 0:03:13]} Bc6 {[%clk 0:05:54]} 23. e4
{[%clk 0:02:53]} cxd4 {[%clk 0:05:55]} 24. Nxd4 {[%clk 0:02:54]} Bb7
{[%clk 0:05:56]} 25. f3 {[%clk 0:02:49]} Qb8 {[%clk 0:05:50]} 26. Ne2
{[%clk 0:02:33]} Qc7 {[%clk 0:05:46]} 27. Nf1 {[%clk 0:02:25]} Nh5
{[%clk 0:05:38]} 28. g4 {[%clk 0:02:10]} Nhf6 {[%clk 0:05:38]} 29. h4
{[%clk 0:02:01]} Ne5 {[%clk 0:05:32]} 30. Kg2 {[%clk 0:01:34]} d5
{[%clk 0:05:03]} 31. cxd5 {[%clk 0:00:51]} exd5 {[%clk 0:05:05]} 32. Rc1
{[%clk 0:00:29]} Qd7 {[%clk 0:05:06]} 33. Rd1 {[%clk 0:00:07]} Qc7
{[%clk 0:04:40]} 34. Bf4 {[%clk 0:00:05]} Bd6 {[%clk 0:04:42]} 35. Rc1
{[%clk 0:00:06]} Qd7 {[%clk 0:04:42]} 36. Rxc8 {[%clk 0:00:08]} Qxc8
{[%clk 0:04:42]} 37. Bc2 {[%clk 0:00:03]} dxe4 {[%clk 0:04:33]} 38. fxe4
{[%clk 0:00:00]} 0-1

[Event "VI Obert Internacional Alberic"]
[Site "Alberic"]
[Date "2018.06.30"]
[Round "5.5"]
[White "Nicolas Zapata, Javier"]
[Black "Cantero Ramon, Eloy"]
[Result "0-1"]
[BlackElo "2129"]
[WhiteElo "2142"]
[LiveChessVersion "1.4.8"]

1. Nf3 {[%clk 0:07:03]} Nf6 {[%clk 0:07:03]} 2. g3 {[%clk 0:07:05]} g6
{[%clk 0:07:03]} 3. Bg2 {[%clk 0:07:07]} Bg7 {[%clk 0:07:05]} 4. O-O
{[%clk 0:07:07]} O-O {[%clk 0:07:04]} 5. d4 {[%clk 0:07:09]} d6 {[%clk 0:07:05]}
6. b3 {[%clk 0:07:07]} c6 {[%clk 0:06:55]} 7. Bb2 {[%clk 0:07:06]} Nbd7
{[%clk 0:06:54]} 8. Nbd2 {[%clk 0:07:07]} Qc7 {[%clk 0:06:49]} 9. e4
{[%clk 0:07:08]} e5 {[%clk 0:06:25]} 10. dxe5 {[%clk 0:07:04]} dxe5
{[%clk 0:06:20]} 11. Qe2 {[%clk 0:06:52]} Re8 {[%clk 0:05:54]} 12. Rad1
{[%clk 0:06:37]} b5 {[%clk 0:05:16]} 13. a3 {[%clk 0:05:21]} a5 {[%clk 0:05:07]}
14. Bh3 {[%clk 0:05:14]} Nh5 {[%clk 0:04:36]} 15. Rfe1 {[%clk 0:04:31]} Nc5
{[%clk 0:04:30]} 16. Bxc8 Raxc8 {[%clk 0:04:32]} 17. Qe3 {[%clk 0:03:25]} Ne6
{[%clk 0:04:19]} 18. Nf1 {[%clk 0:01:59]} Rcd8 {[%clk 0:04:18]} 19. Rxd8
{[%clk 0:01:50]} Rxd8 {[%clk 0:04:20]} 20. Qc3 {[%clk 0:01:26]} Nd4
{[%clk 0:04:12]} 21. Nxd4 {[%clk 0:01:14]} exd4 {[%clk 0:04:14]} 22. Qd2
{[%clk 0:01:11]} c5 {[%clk 0:03:27]} 23. Rd1 {[%clk 0:01:12]} b4 {[%clk 0:03:17]}
24. Qd3 {[%clk 0:01:00]} Re8 {[%clk 0:03:05]} 25. Nd2 {[%clk 0:00:49]} Nf6
{[%clk 0:02:07]} 26. f3 {[%clk 0:00:41]} Nd7 {[%clk 0:02:03]} 27. Nc4
{[%clk 0:00:33]} Ne5 {[%clk 0:02:01]} 28. Nxe5 {[%clk 0:00:29]} Bxe5
{[%clk 0:01:59]} 29. a4 {[%clk 0:00:10]} g5 {[%clk 0:01:33]} 30. Bc1
{[%clk 0:00:10]} h6 {[%clk 0:01:26]} 31. Kg2 {[%clk 0:00:08]} Re6
{[%clk 0:01:20]} 32. Qc4 {[%clk 0:00:04]} Rg6 {[%clk 0:01:19]} 33. Qd3
{[%clk 0:00:06]} Kg7 {[%clk 0:01:14]} 34. Bd2 {[%clk 0:00:07]} h5
{[%clk 0:01:13]} 35. h3 {[%clk 0:00:09]} Qd7 {[%clk 0:01:10]} 36. Be1
{[%clk 0:00:09]} Qd6 {[%clk 0:00:58]} 37. Bf2 {[%clk 0:00:09]} h4
{[%clk 0:00:52]} 38. g4 {[%clk 0:00:11]} Qf6 {[%clk 0:00:46]} 39. Qe2
{[%clk 0:00:10]} Qf4 {[%clk 0:00:45]} 40. Rh1 {[%clk 0:00:11]} Rf6
{[%clk 0:00:40]} 41. Bg1 {[%clk 0:00:12]} Qg3+ {[%clk 0:00:32]} 42. Kf1
{[%clk 0:00:10]} Rxf3+ {[%clk 0:00:33]} 43. Bf2 {[%clk 0:00:12]} Qf4
{[%clk 0:00:27]} 44. Ke1 {[%clk 0:00:08]} Qc1+ {[%clk 0:00:26]} 45. Qd1
{[%clk 0:00:08]} Qxd1+ {[%clk 0:00:27]} 46. Kxd1 {[%clk 0:00:10]} Rxf2
{[%clk 0:00:30]} 47. Kc1 {[%clk 0:00:05]} Bf4+ {[%clk 0:00:31]} 48. Kb1
{[%clk 0:00:07]} Kf6 {[%clk 0:00:33]} 49. Re1 {[%clk 0:00:09]} Ke5
{[%clk 0:00:37]} 0-1

[Event "VI Obert Internacional Alberic"]
[Site "Alberic"]
[Date "2018.06.30"]
[Round "5.6"]
[White "Paris Turegano, Javier"]
[Black "Fernandez Sanchez, Vicente"]
[Result "1-0"]
[BlackElo "1638"]
[WhiteElo "1905"]
[LiveChessVersion "1.4.8"]

1. Nc3 {[%clk 0:07:03]} Nf6 {[%clk 0:07:04]} 2. g4 {[%clk 0:07:01]} Nxg4
{[%clk 0:06:59]} 3. e4 {[%clk 0:07:02]} Ne5 {[%clk 0:06:56]} 4. d4
{[%clk 0:07:02]} Ng6 {[%clk 0:06:47]} 5. f4 {[%clk 0:06:53]} e6 {[%clk 0:06:10]}
6. Nf3 {[%clk 0:06:11]} Bb4 7. h4 d5 {[%clk 0:05:50]} 8. h5 {[%clk 0:05:31]}
Bxc3+ {[%clk 0:05:33]} 9. bxc3 {[%clk 0:05:32]} Ne7 {[%clk 0:05:29]} 10. h6
{[%clk 0:05:00]} g6 {[%clk 0:05:25]} 11. Bd3 {[%clk 0:04:04]} b6 {[%clk 0:05:21]}
12. Ne5 {[%clk 0:03:24]} Bb7 {[%clk 0:05:09]} 13. Ng4 {[%clk 0:02:55]} dxe4
{[%clk 0:05:00]} 14. Nf6+ {[%clk 0:02:32]} Kf8 15. Bxe4 {[%clk 0:01:57]} Bxe4
{[%clk 0:04:58]} 16. Nxe4 {[%clk 0:01:59]} Qd5 {[%clk 0:04:47]} 17. Qf3
{[%clk 0:02:01]} Nd7 {[%clk 0:04:11]} 18. Kf2 {[%clk 0:01:39]} f5
{[%clk 0:04:12]} 19. Ng5 {[%clk 0:01:39]} Qxf3+ {[%clk 0:04:12]} 20. Kxf3
{[%clk 0:01:41]} c5 {[%clk 0:03:56]} 21. Nxe6+ {[%clk 0:01:40]} Kf7
{[%clk 0:03:57]} 22. Ng5+ {[%clk 0:01:36]} Ke8 {[%clk 0:03:11]} 23. Ba3
{[%clk 0:01:38]} Nd5 {[%clk 0:02:12]} 24. Rhe1+ {[%clk 0:01:35]} Kf8
{[%clk 0:02:13]} 25. Ne6+ {[%clk 0:01:34]} Kf7 {[%clk 0:02:13]} 26. dxc5
{[%clk 0:01:31]} Nxc5 {[%clk 0:01:48]} 27. Ng5+ {[%clk 0:01:30]} Kg8
{[%clk 0:01:29]} 28. Rad1 {[%clk 0:01:18]} Nxc3 {[%clk 0:01:20]} 29. Rd6
{[%clk 0:00:48]} N3e4 {[%clk 0:01:18]} 30. Bxc5 {[%clk 0:00:43]} Nxg5+
{[%clk 0:01:16]} 31. fxg5 {[%clk 0:00:45]} bxc5 {[%clk 0:01:15]} 32. Re7
{[%clk 0:00:39]} Kf8 {[%clk 0:01:07]} 33. Rdd7 {[%clk 0:00:38]} a5
{[%clk 0:00:46]} 34. Kf4 {[%clk 0:00:37]} Rb8 {[%clk 0:00:42]} 35. Rf7+
{[%clk 0:00:34]} Ke8 {[%clk 0:00:43]} 36. Rxh7 {[%clk 0:00:16]} Rb4+
{[%clk 0:00:39]} 37. Ke5 {[%clk 0:00:09]} Rxh7 {[%clk 0:00:40]} 38. Rxh7
{[%clk 0:00:11]} Re4+ {[%clk 0:00:42]} 39. Kf6 {[%clk 0:00:12]} Kd8
{[%clk 0:00:42]} 40. Rh8+ {[%clk 0:00:13]} Kd7 {[%clk 0:00:44]} 41. Kxg6
{[%clk 0:00:14]} f4 {[%clk 0:00:44]} 42. h7 {[%clk 0:00:16]} f3 {[%clk 0:00:46]}
43. Rd8+ {[%clk 0:00:17]} Kc6 {[%clk 0:00:48]} 44. h8=Q Kd5 1-0

[Event "VI Obert Internacional Alberic"]
[Site "Alberic"]
[Date "2018.06.30"]
[Round "5.7"]
[White "Garcia Perez, Ramon"]
[Black "Chiloeches Ramon, Jesus"]
[Result "1-0"]
[BlackElo "1700"]
[WhiteElo "1889"]
[LiveChessVersion "1.4.8"]

1. e4 {[%clk 0:07:03]} d5 {[%clk 0:07:06]} 2. d4 {[%clk 0:06:47]} dxe4
{[%clk 0:06:58]} 3. Nc3 {[%clk 0:06:49]} Nf6 {[%clk 0:06:57]} 4. f3
{[%clk 0:06:50]} exf3 {[%clk 0:06:40]} 5. Nxf3 {[%clk 0:06:44]} Bg4
{[%clk 0:06:42]} 6. h3 {[%clk 0:06:46]} Bxf3 {[%clk 0:06:37]} 7. Qxf3
{[%clk 0:06:47]} c6 {[%clk 0:06:17]} 8. Bf4 {[%clk 0:05:44]} Qb6 {[%clk 0:06:06]}
9. O-O-O {[%clk 0:05:30]} e6 {[%clk 0:05:54]} 10. g4 {[%clk 0:05:25]} Nd5
{[%clk 0:05:41]} 11. Ne4 {[%clk 0:05:09]} Nd7 {[%clk 0:05:03]} 12. Nd6+
{[%clk 0:04:48]} Bxd6 {[%clk 0:04:52]} 13. Bxd6 {[%clk 0:04:48]} N7f6
{[%clk 0:04:52]} 14. g5 {[%clk 0:04:34]} Ng8 {[%clk 0:04:15]} 15. Bc4
{[%clk 0:04:02]} O-O-O {[%clk 0:04:13]} 16. Bxd5 {[%clk 0:03:31]} cxd5
{[%clk 0:04:06]} 17. Bc5 {[%clk 0:02:43]} Qc7 {[%clk 0:03:51]} 18. Rd3
{[%clk 0:02:44]} Kb8 {[%clk 0:03:36]} 19. Ra3 {[%clk 0:02:43]} b6
{[%clk 0:03:34]} 20. Bb4 {[%clk 0:02:18]} h6 {[%clk 0:03:31]} 21. Bd2
{[%clk 0:02:14]} hxg5 {[%clk 0:03:20]} 22. Bxg5 {[%clk 0:02:14]} f6
{[%clk 0:03:08]} 23. Bf4 {[%clk 0:02:15]} e5 {[%clk 0:03:09]} 24. dxe5
{[%clk 0:02:03]} fxe5 {[%clk 0:03:10]} 25. Bg3 {[%clk 0:02:03]} Kb7
{[%clk 0:03:02]} 26. Qe2 {[%clk 0:01:45]} Re8 {[%clk 0:02:38]} 27. Qb5
{[%clk 0:01:23]} Nf6 {[%clk 0:02:34]} 28. Rc3 {[%clk 0:01:21]} Qd6
{[%clk 0:02:17]} 29. Re1 {[%clk 0:00:49]} Ne4 {[%clk 0:02:19]} 30. Ra3
{[%clk 0:00:36]} Qh6+ {[%clk 0:02:20]} 31. Kb1 {[%clk 0:00:33]} Nc5
{[%clk 0:01:48]} 32. b4 {[%clk 0:00:24]} a6 {[%clk 0:01:31]} 33. Qe2
{[%clk 0:00:20]} Rc8 {[%clk 0:00:51]} 34. bxc5 {[%clk 0:00:21]} Rxc5
{[%clk 0:00:52]} 35. Qxa6+ {[%clk 0:00:17]} Kc6 {[%clk 0:00:50]} 36. Qa4+
{[%clk 0:00:13]} b5 {[%clk 0:00:26]} 37. Qa6+ {[%clk 0:00:14]} Kd7
{[%clk 0:00:25]} 38. Qb7+ {[%clk 0:00:16]} Rc7 {[%clk 0:00:26]} 39. Qxd5+
{[%clk 0:00:17]} Qd6 {[%clk 0:00:27]} 40. Qxb5+ {[%clk 0:00:18]} Qc6
{[%clk 0:00:25]} 41. Rd3+ {[%clk 0:00:19]} Kc8 {[%clk 0:00:24]} 42. Qxc6
{[%clk 0:00:19]} Rxc6 {[%clk 0:00:26]} 43. Bxe5 {[%clk 0:00:20]} Rb6+ 44. Kc1
{[%clk 0:00:21]} Re8 {[%clk 0:00:28]} 45. Rc3+ {[%clk 0:00:23]} Kb7
{[%clk 0:00:29]} 46. Rc7+ {[%clk 0:00:24]} Ka6 {[%clk 0:00:29]} 47. Rxg7
{[%clk 0:00:24]} Rb5 {[%clk 0:00:30]} 48. Bc3 {[%clk 0:00:24]} Reb8
{[%clk 0:00:31]} 49. Rg6+ {[%clk 0:00:26]} Ka7 {[%clk 0:00:32]} 50. h4
{[%clk 0:00:27]} Rb1+ {[%clk 0:00:34]} 51. Kd2 {[%clk 0:00:29]} Rd8+
{[%clk 0:00:36]} 52. Ke2 {[%clk 0:00:30]} Re8+ {[%clk 0:00:38]} 53. Kf2
{[%clk 0:00:30]} Rf8+ {[%clk 0:00:40]} 54. Rf6 {[%clk 0:00:27]} Rxf6+
{[%clk 0:00:31]} 55. Bxf6 {[%clk 0:00:29]} Rb7 {[%clk 0:00:31]} 56. Bd4+
{[%clk 0:00:29]} Ka6 {[%clk 0:00:32]} 57. Re6+ {[%clk 0:00:30]} Kb5
{[%clk 0:00:34]} 58. Rb6+ {[%clk 0:00:32]} 1-0

[Event "VI Obert Internacional Alberic"]
[Site "Alberic"]
[Date "2018.06.30"]
[Round "6.1"]
[White "Fenollar Jorda, Manuel"]
[Black "Plaskett, H James"]
[Result "0-1"]
[BlackElo "2455"]
[WhiteElo "2352"]
[LiveChessVersion "1.4.8"]

1. d4 {[%clk 0:07:05]} Nf6 {[%clk 0:07:05]} 2. Nf3 {[%clk 0:07:06]} b6
{[%clk 0:07:06]} 3. e3 {[%clk 0:07:07]} Bb7 {[%clk 0:07:08]} 4. Bd3
{[%clk 0:07:08]} c5 {[%clk 0:07:09]} 5. O-O g6 6. c4 {[%clk 0:07:08]} e6
{[%clk 0:06:53]} 7. Nc3 {[%clk 0:07:09]} Bg7 {[%clk 0:06:54]} 8. Qe2
{[%clk 0:06:58]} O-O {[%clk 0:06:49]} 9. b3 {[%clk 0:06:43]} Nc6 {[%clk 0:06:17]}
10. Ba3 {[%clk 0:06:32]} Nb4 {[%clk 0:05:50]} 11. Bxb4 {[%clk 0:06:05]} cxb4
{[%clk 0:05:51]} 12. Nd1 {[%clk 0:05:45]} Qc7 {[%clk 0:05:23]} 13. a3
{[%clk 0:05:41]} Ng4 {[%clk 0:04:48]} 14. g3 {[%clk 0:05:02]} e5 {[%clk 0:04:48]}
15. dxe5 {[%clk 0:03:57]} Bxf3 {[%clk 0:04:43]} 16. Qxf3 {[%clk 0:03:55]} Nxe5
{[%clk 0:04:44]} 17. Qf4 {[%clk 0:03:06]} g5 {[%clk 0:03:51]} 18. Qxg5
{[%clk 0:02:40]} Nf3+ {[%clk 0:03:52]} 0-1

[Event "VI Obert Internacional Alberic"]
[Site "Alberic"]
[Date "2018.06.30"]
[Round "6.2"]
[White "Granero Roca, Antonio"]
[Black "Cantero Ramon, Eloy"]
[Result "1-0"]
[BlackElo "2129"]
[WhiteElo "2390"]
[LiveChessVersion "1.4.8"]

1. d4 {[%clk 0:07:03]} Nf6 {[%clk 0:07:03]} 2. c4 {[%clk 0:07:05]} g6
{[%clk 0:07:03]} 3. Nc3 {[%clk 0:07:06]} Bg7 {[%clk 0:07:04]} 4. e4
{[%clk 0:07:08]} d6 {[%clk 0:07:05]} 5. h3 {[%clk 0:07:07]} O-O {[%clk 0:07:03]}
6. Nf3 {[%clk 0:07:09]} c6 {[%clk 0:06:57]} 7. Be3 {[%clk 0:07:09]} Nbd7
{[%clk 0:06:55]} 8. Be2 {[%clk 0:07:08]} e5 {[%clk 0:06:28]} 9. d5
{[%clk 0:06:59]} Nc5 {[%clk 0:05:59]} 10. Nd2 {[%clk 0:06:58]} cxd5
{[%clk 0:05:37]} 11. cxd5 {[%clk 0:06:58]} b6 {[%clk 0:04:22]} 12. b4
{[%clk 0:06:55]} Nb7 {[%clk 0:04:16]} 13. O-O {[%clk 0:06:54]} Ne8
{[%clk 0:04:08]} 14. Rc1 {[%clk 0:06:37]} f5 {[%clk 0:04:07]} 15. f3
{[%clk 0:06:36]} f4 {[%clk 0:03:49]} 16. Bf2 {[%clk 0:06:35]} g5 {[%clk 0:03:51]}
17. Nb5 {[%clk 0:05:37]} h5 {[%clk 0:03:42]} 18. Qc2 {[%clk 0:05:34]} Rf7
{[%clk 0:03:09]} 19. Nxa7 {[%clk 0:05:26]} Rc7 {[%clk 0:02:46]} 20. Nc6
{[%clk 0:05:23]} Qf6 {[%clk 0:02:41]} 21. Bxb6 {[%clk 0:05:13]} Rf7
{[%clk 0:02:30]} 22. Qb3 {[%clk 0:04:26]} g4 {[%clk 0:02:29]} 23. fxg4
{[%clk 0:04:19]} hxg4 {[%clk 0:02:30]} 24. hxg4 Bf8 {[%clk 0:02:17]} 25. Na7
{[%clk 0:02:59]} Bd7 {[%clk 0:02:10]} 26. a4 {[%clk 0:02:33]} Rh7
{[%clk 0:02:10]} 27. g3 {[%clk 0:02:23]} Qh6 {[%clk 0:02:04]} 28. Kf2
{[%clk 0:02:16]} Qh2+ {[%clk 0:01:41]} 29. Ke1 {[%clk 0:02:18]} fxg3
{[%clk 0:01:37]} 30. Bg1 {[%clk 0:02:11]} Qh5 {[%clk 0:01:35]} 1-0

[Event "VI Obert Internacional Alberic"]
[Site "Alberic"]
[Date "2018.06.30"]
[Round "6.3"]
[White "Kovacevic, Slobodan"]
[Black "Diaz Velandia, Jose Manuel"]
[Result "0-1"]
[BlackElo "2359"]
[WhiteElo "2292"]
[LiveChessVersion "1.4.8"]

1. c4 {[%clk 0:07:02]} c5 {[%clk 0:07:03]} 2. b3 {[%clk 0:07:04]} Nc6
{[%clk 0:07:04]} 3. Bb2 {[%clk 0:07:06]} Nf6 {[%clk 0:07:05]} 4. e3
{[%clk 0:07:08]} e5 {[%clk 0:07:06]} 5. d3 {[%clk 0:07:09]} d6 {[%clk 0:07:07]}
6. Nf3 {[%clk 0:07:11]} Be7 {[%clk 0:07:07]} 7. Be2 {[%clk 0:07:12]} O-O
{[%clk 0:07:07]} 8. O-O {[%clk 0:07:08]} Bg4 {[%clk 0:06:57]} 9. a3
{[%clk 0:07:04]} Qc7 {[%clk 0:06:54]} 10. Nc3 {[%clk 0:06:59]} a6
{[%clk 0:06:49]} 11. Rc1 {[%clk 0:06:58]} Rad8 {[%clk 0:06:48]} 12. Qc2
{[%clk 0:06:54]} d5 {[%clk 0:06:40]} 13. cxd5 {[%clk 0:06:47]} Nxd5
{[%clk 0:06:41]} 14. Ne4 {[%clk 0:06:47]} b6 {[%clk 0:06:32]} 15. b4
{[%clk 0:06:45]} f5 {[%clk 0:06:33]} 16. Ned2 {[%clk 0:06:30]} Kh8
{[%clk 0:05:56]} 17. Nb3 {[%clk 0:06:20]} e4 {[%clk 0:05:39]} 18. dxe4
{[%clk 0:06:13]} fxe4 {[%clk 0:05:40]} 19. Qxe4 {[%clk 0:06:08]} Bf5
{[%clk 0:05:41]} 20. Qc4 {[%clk 0:06:09]} b5 0-1